00394nam a2200145Ia 4500008004100000020001500041041001200056100002100068245007500089250000800164260004000172300000800212650001400220700001400234221030s9999 xx 000 0 und d a1259006131 aEnglish aK. M. Bhurchandi 0aAdvanced Microprocessors & Peripheralscby K. M. Bhurchandi, A. K. Ray a3rd bMcGraw - Hill Pub.aNew Delhic2014 a692 aComputers aA. K. Ray